Nederlandse en Vlaamse YouTubers - Statistieken

Algemene statistieken
  • Deze quiz is 118 keer genomen
  • De gemiddelde score is 6 van 10
Antwoordstatistieken
Foto Antwoord % Correct
Enzo Knol
97%
Gio Latooy
92%
CEMI
86%
Gewoon Thomas
81%
Meisje Djamila
80%
Bokado
69%
Stien Edlund
27%
Jamilla Baidou
19%
JustJade
15%
Supercontent
14%
Geen overeenkomende quizzen gevonden
Scoreverdeling
Procent van Mensen met Elke Score
Percentiel versus Aantal Correcte Antwoorden
Uw Scoregeschiedenis
U heeft deze quiz nog niet genomen